The Courtyard Wada of Maharashtra (Record no. 8216)

000 -LEADER
fixed length control field 00374nam a22001457a 4500
003 - CONTROL NUMBER IDENTIFIER
control field OSt
005 - DATE AND TIME OF LATEST TRANSACTION
control field 20200923133236.0
008 - FIXED-LENGTH DATA ELEMENTS--GENERAL INFORMATION
fixed length control field 200923b ||||| |||| 00| 0 eng d
020 ## - INTERNATIONAL STANDARD BOOK NUMBER
International Standard Book Number 9788190662574
082 ## - DEWEY DECIMAL CLASSIFICATION NUMBER
Classification number 720.954
100 ## - MAIN ENTRY--PERSONAL NAME
Personal name Hardy Adam
245 ## - TITLE STATEMENT
Title The Courtyard Wada of Maharashtra
260 ## - PUBLICATION, DISTRIBUTION, ETC. (IMPRINT)
Place of publication, distribution, etc New Delhi
Name of publisher, distributor, etc Council of Architecture A Niasa Publication
942 ## - ADDED ENTRY ELEMENTS (KOHA)
Source of classification or shelving scheme
Holdings
Withdrawn status Lost status Source of classification or shelving scheme Damaged status Koha normalized classification for sorting Not for loan Permanent location Current location Date acquired Total Checkouts Full call number Barcode Date last seen Date last borrowed Price effective from Koha item type
        720_954000000000000   BMS College of Architecture, Design and Planning BMS College of Architecture, Design and Planning 2020-09-23 3 720.954 CL-UG67775 2024-09-02 2024-09-02 2020-09-23 UG Books from CL
Copyright © 2025, The Librarian, Library and Information Centre, BMSCA D&P, Bengaluru. All Rights Reserved
web counter

Powered by Koha